000 00751nam a22002417b 4500
003 3228
005 20260420104434.0
008 260420b sa |||||d|||| 00| 1 AFR d
020 _a9781415003640 (paperback)
040 _aMPL
_beng
_c2000
_erda
041 _aAfrikaans
082 0 _aLP AF WALK
100 _9382
_aWalker, Kate
_eauthor
245 _aDie twaalf maande-minnares /
_cKate Walker ; vertaal deur Nonna Weideman
260 _aParklands :
_bJacklin Uitgewers ,
_c©2004,
_c2005.
300 _a185 pages :
_c21 cm
490 _aMills & Boon in Afrikaans
655 0 _9189056
_aAfrikaans Fiction
655 0 _9198295
_aLarge Print
655 0 _9188216
_aLight Romance
700 _9199181
_aWeideman, Nonna
_etranslator
942 _2ddc
_cBK
_w296
_xPhillipina Naude
_y296
_zPhillipina Naude
999 _c796814
_d796813